[Event "eytcc"]
[Site "?"]
[Date "2017.08.21"]
[Round "5.14"]
[White "Percivaldi, Martin"]
[Black "Nowak, Kamil"]
[Result "1/2-1/2"]
[BlackElo "2318"]
[WhiteElo "2407"]
[LiveChessVersion "1.4.4"]

1. Nf3 {[%clk 1:30:30]} d5 {[%clk 1:30:37]} 2. g3 {[%clk 1:30:15]} Nf6
{[%clk 1:31:01]} 3. Bg2 {[%clk 1:30:35]} e6 {[%clk 1:30:53]} 4. c4
{[%clk 1:30:33]} Be7 {[%clk 1:31:11]} 5. O-O {[%clk 1:30:44]} O-O
{[%clk 1:31:35]} 6. d4 {[%clk 1:30:59]} c6 {[%clk 1:31:41]} 7. Qc2
{[%clk 1:31:03]} Nbd7 {[%clk 1:31:49]} 8. Nbd2 {[%clk 1:31:24]} b6
{[%clk 1:31:56]} 9. e4 {[%clk 1:31:43]} Bb7 {[%clk 1:32:12]} 10. e5
{[%clk 1:31:42]} Ne8 {[%clk 1:32:27]} 11. cxd5 {[%clk 1:31:20]} cxd5
{[%clk 1:32:45]} 12. Re1 {[%clk 1:31:42]} Rc8 {[%clk 1:33:10]} 13. Qd1
{[%clk 1:32:01]} Qc7 {[%clk 1:32:39]} 14. Nf1 {[%clk 1:32:21]} Qc2
{[%clk 1:32:13]} 15. Ne3 {[%clk 1:32:14]} Qxd1 {[%clk 1:31:51]} 16. Rxd1
{[%clk 1:32:36]} Nc7 {[%clk 1:29:18]} 17. Bd2 {[%clk 1:32:23]} Na8
{[%clk 1:22:29]} 18. Bf1 {[%clk 1:31:19]} a6 {[%clk 1:21:44]} 19. b3
{[%clk 1:00:06]} Rc7 {[%clk 1:13:59]} 20. Ne1 {[%clk 0:56:50]} Nb8
{[%clk 1:07:29]} 21. f4 {[%clk 0:56:49]} Nc6 {[%clk 1:06:42]} 22. N1c2
{[%clk 0:53:59]} g6 {[%clk 0:57:38]} 23. Bd3 {[%clk 0:45:11]} b5 {[%clk 0:50:07]}
24. a4 {[%clk 0:43:25]} b4 {[%clk 0:40:27]} 25. a5 {[%clk 0:43:04]} Rb8
{[%clk 0:40:24]} 26. g4 {[%clk 0:42:07]} Bc8 {[%clk 0:38:23]} 27. f5
{[%clk 0:41:05]} Ra7 {[%clk 0:37:58]} 28. Ra4 {[%clk 0:36:42]} Bd7
{[%clk 0:37:46]} 29. f6 {[%clk 0:35:48]} Bf8 {[%clk 0:36:01]} 30. Ng2
{[%clk 0:31:17]} Nc7 {[%clk 0:34:19]} 31. Ra2 {[%clk 0:22:24]} Nb5
{[%clk 0:34:36]} 32. Bxb5 {[%clk 0:22:48]} axb5 {[%clk 0:34:25]} 33. a6
{[%clk 0:21:48]} Rba8 {[%clk 0:34:41]} 34. Rda1 {[%clk 0:22:11]} Bc8
{[%clk 0:34:59]} 35. Nge1 {[%clk 0:21:03]} Rxa6 {[%clk 0:27:02]} 36. Rxa6
{[%clk 0:20:12]} Rxa6 {[%clk 0:24:27]} 37. Rxa6 {[%clk 0:20:36]} Bxa6
{[%clk 0:24:53]} 38. Nd3 {[%clk 0:19:56]} Na5 {[%clk 0:24:56]} 39. Nc1
{[%clk 0:20:19]} Nc6 {[%clk 0:24:40]} 40. g5 {[%clk 0:50:03]} h6 {[%clk 0:53:05]}
41. h4 {[%clk 0:50:24]} hxg5 {[%clk 0:53:09]} 42. hxg5 {[%clk 0:50:52]} Bc8
{[%clk 0:53:18]} 43. Kf2 {[%clk 0:50:44]} Bd7 {[%clk 0:53:31]} 44. Ke2
{[%clk 0:49:09]} Be8 {[%clk 0:53:46]} 45. Kd3 {[%clk 0:48:24]} Bd7
{[%clk 0:53:58]} 46. Be1 {[%clk 0:46:09]} Be8 {[%clk 0:54:19]} 47. Ke2
{[%clk 0:44:26]} Bd7 {[%clk 0:54:41]} 48. Kd1 {[%clk 0:44:41]} Be8
{[%clk 0:54:59]} 49. Nd3 {[%clk 0:44:44]} Na5 {[%clk 0:55:13]} 50. Na1
{[%clk 0:45:09]} Nc6 {[%clk 0:53:29]} 51. Bf2 {[%clk 0:45:29]} Na5
{[%clk 0:53:11]} 52. Kc1 {[%clk 0:45:21]} Bd7 {[%clk 0:51:41]} 53. Be1
{[%clk 0:45:27]} Be8 {[%clk 0:49:32]} 54. Kb2 {[%clk 0:45:40]} Nc6
{[%clk 0:47:57]} 55. Nc2 {[%clk 0:46:02]} Bd7 {[%clk 0:48:22]} 56. Bd2
{[%clk 0:46:26]} Nb8 {[%clk 0:47:27]} 57. Bxb4 {[%clk 0:45:03]} Bxb4
{[%clk 0:47:47]} 58. Ncxb4 {[%clk 0:45:24]} Kf8 {[%clk 0:48:03]} 59. Nc5
{[%clk 0:45:25]} Bc8 {[%clk 0:48:24]} 60. Ncd3 {[%clk 0:43:14]} Ke8
{[%clk 0:48:33]} 61. Kc3 {[%clk 0:43:01]} Kd7 {[%clk 0:47:40]} 62. Nf4
{[%clk 0:43:17]} Kd8 {[%clk 0:46:27]} 63. Nbd3 {[%clk 0:41:34]} Nc6
{[%clk 0:46:24]} 64. Nxg6 {[%clk 0:36:14]} fxg6 {[%clk 0:46:32]} 65. Nf4
{[%clk 0:36:40]} Ke8 {[%clk 0:45:45]} 66. Nxg6 {[%clk 0:35:55]} b4+
{[%clk 0:43:59]} 67. Kd3 {[%clk 0:36:21]} Kf7 {[%clk 0:44:11]} 68. Nf4
{[%clk 0:36:06]} Bd7 {[%clk 0:43:49]} 69. g6+ {[%clk 0:36:23]} Kg8
{[%clk 0:43:14]} 70. Ke3 {[%clk 0:32:08]} Be8 {[%clk 0:43:38]} 71. Nxe6
{[%clk 0:27:53]} Bxg6 {[%clk 0:43:58]} 72. Nc7 {[%clk 0:22:43]} Kf7
{[%clk 0:40:36]} 73. Nxd5 {[%clk 0:18:48]} Bc2 {[%clk 0:40:02]} 74. Nf4
{[%clk 0:17:05]} Bxb3 {[%clk 0:40:03]} 75. Kd3 {[%clk 0:17:21]} Ba2
{[%clk 0:38:53]} 76. Nh3 {[%clk 0:16:54]} Kg6 {[%clk 0:37:42]} 77. Nf4+
{[%clk 0:16:38]} Kf7 {[%clk 0:38:12]} 78. Nh3 {[%clk 0:17:01]} 1/2-1/2

[Event "eytcc"]
[Site "?"]
[Date "2017.08.21"]
[Round "5.15"]
[White "Gumularz, Szymon"]
[Black "Bjerre, Jonas"]
[Result "1-0"]
[BlackElo "2357"]
[WhiteElo "2342"]
[LiveChessVersion "1.4.4"]

1. d4 {[%clk 1:30:49]} Nf6 {[%clk 1:30:19]} 2. c4 {[%clk 1:31:15]} e6
{[%clk 1:30:33]} 3. Nc3 {[%clk 1:31:25]} Bb4 {[%clk 1:30:33]} 4. e3
{[%clk 1:31:42]} O-O {[%clk 1:30:42]} 5. Bd3 {[%clk 1:32:05]} d5 {[%clk 1:30:33]}
6. Nf3 {[%clk 1:32:25]} c5 {[%clk 1:30:39]} 7. O-O {[%clk 1:32:39]} Nc6
{[%clk 1:30:36]} 8. a3 {[%clk 1:32:32]} Bxc3 {[%clk 1:30:49]} 9. bxc3
{[%clk 1:32:57]} b6 {[%clk 1:26:10]} 10. cxd5 {[%clk 1:31:32]} exd5
{[%clk 1:24:52]} 11. Ne5 {[%clk 1:31:54]} Bb7 {[%clk 1:17:04]} 12. Nxc6
{[%clk 1:03:34]} Bxc6 {[%clk 1:16:23]} 13. a4 {[%clk 1:03:19]} Qd7
{[%clk 1:07:45]} 14. f3 {[%clk 1:01:36]} Rfe8 {[%clk 0:57:47]} 15. Rf2
{[%clk 0:59:39]} a5 {[%clk 0:44:49]} 16. Rb2 {[%clk 0:46:19]} Rab8
{[%clk 0:44:42]} 17. Bd2 {[%clk 0:46:22]} Qc7 {[%clk 0:37:20]} 18. Rab1
{[%clk 0:45:10]} c4 {[%clk 0:34:23]} 19. Bc2 {[%clk 0:44:39]} Rb7
{[%clk 0:32:38]} 20. Qe1 {[%clk 0:44:12]} Qd7 {[%clk 0:23:00]} 21. Ra2
{[%clk 0:43:44]} Qc7 {[%clk 0:20:28]} 22. Qh4 {[%clk 0:42:55]} b5
{[%clk 0:19:25]} 23. axb5 {[%clk 0:42:04]} Rxb5 {[%clk 0:18:59]} 24. Rxb5
{[%clk 0:42:25]} Bxb5 {[%clk 0:19:22]} 25. e4 {[%clk 0:41:57]} h6
{[%clk 0:16:12]} 26. e5 {[%clk 0:40:46]} Nh7 {[%clk 0:15:23]} 27. f4
{[%clk 0:39:50]} Bd7 {[%clk 0:14:38]} 28. f5 {[%clk 0:38:48]} f6 {[%clk 0:13:09]}
29. e6 {[%clk 0:33:07]} Bc6 {[%clk 0:13:21]} 30. Bf4 {[%clk 0:32:18]} Qb6
{[%clk 0:11:58]} 31. Qg3 {[%clk 0:32:14]} Ng5 {[%clk 0:11:07]} 32. h4
{[%clk 0:29:09]} Ne4 {[%clk 0:10:59]} 33. Bxe4 {[%clk 0:28:58]} dxe4
{[%clk 0:11:24]} 34. Bxh6 {[%clk 0:28:55]} Re7 {[%clk 0:11:04]} 35. Kh2
{[%clk 0:28:21]} a4 {[%clk 0:10:06]} 36. d5 {[%clk 0:25:34]} Bxd5
{[%clk 0:09:48]} 37. Rxa4 {[%clk 0:25:40]} Qc6 {[%clk 0:06:58]} 38. Rb4
{[%clk 0:25:47]} Rb7 {[%clk 0:06:18]} 39. e7 {[%clk 0:25:34]} Rxe7
{[%clk 0:03:21]} 40. Rb8+ {[%clk 0:56:01]} Kh7 {[%clk 0:32:24]} 41. Qg6# 1-0

[Event "eytcc"]
[Site "?"]
[Date "2017.08.21"]
[Round "5.16"]
[White "Jacobsen, Mikkel Manosri"]
[Black "Kosakowski, Jakub"]
[Result "1-0"]
[BlackElo "2363"]
[WhiteElo "2219"]
[LiveChessVersion "1.4.4"]

1. d4 {[%clk 1:30:57]} Nf6 {[%clk 1:30:47]} 2. c4 {[%clk 1:31:22]} g6
{[%clk 1:30:46]} 3. Nc3 {[%clk 1:31:48]} Bg7 {[%clk 1:30:46]} 4. Bg5
{[%clk 1:32:12]} O-O {[%clk 1:30:27]} 5. Nf3 {[%clk 1:32:23]} c5 {[%clk 1:30:18]}
6. d5 {[%clk 1:32:47]} h6 {[%clk 1:29:56]} 7. Bh4 {[%clk 1:33:11]} d6
{[%clk 1:29:34]} 8. e3 {[%clk 1:33:31]} g5 {[%clk 1:25:08]} 9. Bg3
{[%clk 1:33:55]} Nh5 {[%clk 1:25:28]} 10. Bd3 {[%clk 1:33:35]} f5
{[%clk 1:16:55]} 11. Nd2 {[%clk 1:33:59]} Nxg3 {[%clk 1:15:21]} 12. hxg3
{[%clk 1:34:26]} e6 {[%clk 1:03:29]} 13. g4 {[%clk 1:34:50]} f4 {[%clk 0:55:46]}
14. Bc2 {[%clk 1:04:00]} fxe3 {[%clk 0:52:24]} 15. Nf3 {[%clk 1:03:05]} exf2+
{[%clk 0:51:16]} 16. Kf1 {[%clk 1:03:29]} Nd7 {[%clk 0:42:06]} 17. dxe6
{[%clk 0:58:24]} Nf6 {[%clk 0:41:35]} 18. Qe2 {[%clk 0:56:34]} Re8
{[%clk 0:38:17]} 19. Bf5 {[%clk 0:56:58]} b5 {[%clk 0:26:32]} 20. Nd5
{[%clk 0:55:42]} Nxd5 {[%clk 0:19:40]} 21. cxd5 {[%clk 0:56:07]} Bb7
{[%clk 0:20:01]} 22. Rd1 {[%clk 0:47:06]} c4 {[%clk 0:16:41]} 23. Qe4
{[%clk 0:39:42]} Qf6 {[%clk 0:14:54]} 24. Bg6 {[%clk 0:28:41]} Re7
{[%clk 0:14:27]} 25. Nd4 {[%clk 0:28:40]} Kh8 {[%clk 0:09:27]} 26. Rh3
{[%clk 0:26:44]} Rd8 {[%clk 0:05:36]} 27. Qf5 {[%clk 0:12:12]} Qf8
{[%clk 0:00:58]} 28. Qxg5 {[%clk 0:11:39]} Kg8 {[%clk 0:00:43]} 29. Bf7+
{[%clk 0:11:28]} 1-0

[Event "eytcc"]
[Site "?"]
[Date "2017.08.21"]
[Round "5.17"]
[White "Vykouk, Jan"]
[Black "Matviishen, Viktor"]
[Result "1/2-1/2"]
[BlackElo "2433"]
[WhiteElo "2431"]
[LiveChessVersion "1.4.4"]

1. e4 {[%clk 1:30:57]} e5 {[%clk 1:30:55]} 2. Nf3 {[%clk 1:31:21]} Nc6
{[%clk 1:31:20]} 3. Bb5 {[%clk 1:31:47]} a6 {[%clk 1:31:45]} 4. Ba4
{[%clk 1:32:12]} Nf6 {[%clk 1:32:06]} 5. d3 {[%clk 1:32:38]} b5 {[%clk 1:32:09]}
6. Bb3 {[%clk 1:33:02]} Be7 {[%clk 1:31:47]} 7. O-O {[%clk 1:31:59]} d6
{[%clk 1:31:21]} 8. c3 {[%clk 1:31:38]} Na5 {[%clk 1:30:54]} 9. Bc2
{[%clk 1:32:02]} c5 {[%clk 1:31:18]} 10. a4 {[%clk 1:31:24]} b4 {[%clk 1:30:46]}
11. cxb4 {[%clk 1:25:38]} cxb4 {[%clk 1:31:12]} 12. d4 {[%clk 1:25:58]} Qc7
{[%clk 1:25:20]} 13. h3 {[%clk 1:20:13]} Bb7 {[%clk 1:23:42]} 14. d5
{[%clk 1:10:35]} Rc8 {[%clk 1:23:47]} 15. Bd3 {[%clk 1:11:01]} Nd7
{[%clk 1:21:42]} 16. Bd2 {[%clk 1:10:46]} Nc4 {[%clk 1:19:05]} 17. Qe2
{[%clk 0:56:53]} Nxd2 {[%clk 1:12:38]} 18. Nbxd2 {[%clk 0:57:08]} Nc5
{[%clk 1:10:33]} 19. Rfc1 {[%clk 0:57:29]} Qb8 {[%clk 1:09:40]} 20. Rc4
{[%clk 0:48:10]} a5 {[%clk 0:36:22]} 21. Rxc5 {[%clk 0:48:33]} Rxc5
{[%clk 0:36:43]} 22. Bb5+ {[%clk 0:48:57]} Kf8 {[%clk 0:37:05]} 23. Nb3
{[%clk 0:49:16]} Rc7 {[%clk 0:35:59]} 24. Nxa5 {[%clk 0:49:30]} g6
{[%clk 0:36:16]} 25. Qd2 {[%clk 0:32:55]} Kg7 {[%clk 0:36:39]} 26. Qxb4
{[%clk 0:29:21]} Rhc8 {[%clk 0:35:57]} 27. Qe1 {[%clk 0:28:52]} Bd8
{[%clk 0:31:23]} 28. Nd2 {[%clk 0:23:58]} Rc2 {[%clk 0:30:05]} 29. Nac4
{[%clk 0:23:22]} Qa7 {[%clk 0:26:41]} 30. Qd1 {[%clk 0:14:04]} R8xc4
{[%clk 0:26:55]} 31. Bxc4 {[%clk 0:14:28]} Rxb2 {[%clk 0:27:21]} 32. Rb1
{[%clk 0:13:04]} Rxb1 {[%clk 0:25:55]} 33. Nxb1 {[%clk 0:12:41]} Qc5
{[%clk 0:24:25]} 34. Bd3 {[%clk 0:07:04]} f5 {[%clk 0:17:20]} 35. Qc2
{[%clk 0:07:00]} Qb4 {[%clk 0:13:58]} 36. Nd2 {[%clk 0:05:40]} fxe4
{[%clk 0:12:21]} 37. Bxe4 {[%clk 0:05:55]} Bb6 {[%clk 0:12:01]} 38. Nf3
{[%clk 0:05:46]} Bc5 {[%clk 0:11:47]} 39. g3 {[%clk 0:04:50]} Bc8
{[%clk 0:10:38]} 40. Kg2 {[%clk 0:34:44]} Kf6 {[%clk 0:33:15]} 41. h4
{[%clk 0:29:03]} Ke7 {[%clk 0:32:03]} 42. h5 {[%clk 0:25:48]} gxh5
{[%clk 0:29:26]} 43. Bf5 {[%clk 0:24:40]} Ba6 {[%clk 0:22:13]} 44. Qc1
{[%clk 0:15:48]} Kd8 {[%clk 0:22:28]} 45. Ng5 {[%clk 0:12:09]} Kc7
{[%clk 0:21:56]} 46. Ne6+ {[%clk 0:12:17]} Kb6 {[%clk 0:22:20]} 47. Qg5
{[%clk 0:06:24]} Ka5 {[%clk 0:21:16]} 48. Nxc5 {[%clk 0:03:33]} Qxc5
{[%clk 0:21:41]} 49. Qd2+ {[%clk 0:03:56]} Kb6 {[%clk 0:16:56]} 50. Bxh7
{[%clk 0:03:15]} Qc4 {[%clk 0:16:23]} 51. a5+ {[%clk 0:03:06]} Kc5
{[%clk 0:09:46]} 52. Qe3+ {[%clk 0:01:53]} Kb4 {[%clk 0:10:15]} 53. Qb6+
{[%clk 0:01:56]} Ka4 {[%clk 0:10:45]} 54. Kh2 {[%clk 0:01:00]} h4
{[%clk 0:10:01]} 55. Qe3 {[%clk 0:00:33]} hxg3+ {[%clk 0:10:26]} 56. Kxg3
{[%clk 0:00:40]} Kxa5 {[%clk 0:09:41]} 57. Qa3+ {[%clk 0:00:58]} Qa4
{[%clk 0:10:09]} 58. Qxa4+ {[%clk 0:00:37]} Kxa4 {[%clk 0:10:35]} 59. f4
{[%clk 0:00:54]} 1/2-1/2

[Event "eytcc"]
[Site "?"]
[Date "2017.08.21"]
[Round "5.18"]
[White "Lukiyanchuk, Vladislav"]
[Black "Havelka, Josef"]
[Result "0-1"]
[BlackElo "2338"]
[WhiteElo "2359"]
[LiveChessVersion "1.4.4"]

1. d4 {[%clk 1:30:56]} Nf6 {[%clk 1:30:52]} 2. c4 {[%clk 1:31:20]} g6
{[%clk 1:31:13]} 3. g3 {[%clk 1:31:43]} Bg7 {[%clk 1:31:37]} 4. Bg2
{[%clk 1:32:09]} O-O {[%clk 1:31:48]} 5. Nc3 {[%clk 1:32:33]} d6 {[%clk 1:32:12]}
6. Nf3 {[%clk 1:32:59]} Nc6 {[%clk 1:32:27]} 7. O-O {[%clk 1:33:21]} Bf5
{[%clk 1:32:34]} 8. d5 {[%clk 1:33:38]} Na5 {[%clk 1:32:27]} 9. Nd2
{[%clk 1:34:02]} c6 {[%clk 1:32:05]} 10. b4 {[%clk 1:34:13]} Nxc4
{[%clk 1:31:21]} 11. Nxc4 {[%clk 1:25:49]} Nxd5 {[%clk 1:31:44]} 12. Nxd5
{[%clk 1:24:43]} Bxa1 {[%clk 1:32:06]} 13. Bh6 {[%clk 1:23:34]} Bg7
{[%clk 1:32:31]} 14. Bxg7 {[%clk 1:23:50]} Kxg7 {[%clk 1:32:55]} 15. Nde3
{[%clk 1:15:04]} Be6 {[%clk 1:33:12]} 16. a3 {[%clk 0:51:50]} d5 {[%clk 1:26:07]}
17. Na5 {[%clk 0:51:51]} Qb6 {[%clk 1:12:32]} 18. Nb3 {[%clk 0:51:02]} Rad8
{[%clk 1:05:37]} 19. Nc5 {[%clk 0:41:45]} Bc8 {[%clk 1:02:41]} 20. f4
{[%clk 0:37:00]} Qc7 {[%clk 0:53:53]} 21. Qc2 {[%clk 0:18:04]} Qd6
{[%clk 0:42:58]} 22. Rd1 {[%clk 0:17:26]} f6 {[%clk 0:38:52]} 23. Qb2
{[%clk 0:11:00]} b6 {[%clk 0:33:15]} 24. Nb3 {[%clk 0:10:28]} e6 {[%clk 0:29:25]}
25. Ng4 {[%clk 0:06:24]} h5 {[%clk 0:17:57]} 26. Nf2 {[%clk 0:06:49]} Bb7
{[%clk 0:16:04]} 27. e4 {[%clk 0:05:17]} e5 {[%clk 0:15:23]} 28. exd5
{[%clk 0:05:41]} cxd5 {[%clk 0:15:39]} 29. fxe5 {[%clk 0:06:05]} fxe5
{[%clk 0:15:35]} 30. Nd3 {[%clk 0:06:23]} Rde8 {[%clk 0:12:10]} 31. Nf4
{[%clk 0:03:55]} Kh7 {[%clk 0:09:39]} 32. Nxd5 {[%clk 0:03:45]} Rd8
{[%clk 0:09:52]} 33. Rd2 {[%clk 0:04:05]} Qe6 {[%clk 0:08:47]} 34. Ne3
{[%clk 0:00:39]} Bxg2 {[%clk 0:08:29]} 35. Nxg2 {[%clk 0:00:33]} Qf7
{[%clk 0:06:33]} 36. Qc1 {[%clk 0:00:33]} Rxd2 {[%clk 0:03:46]} 37. Nxd2
{[%clk 0:01:02]} Qf2+ {[%clk 0:03:23]} 38. Kh1 {[%clk 0:01:32]} Qxd2
{[%clk 0:03:03]} 39. Qc7+ {[%clk 0:01:22]} Kh6 {[%clk 0:02:56]} 40. h4
{[%clk 0:31:46]} Rf1+ {[%clk 0:32:26]} 0-1

[Event "eytcc"]
[Site "?"]
[Date "2017.08.21"]
[Round "5.19"]
[White "Kozusek, Daniel"]
[Black "Roshka, Yevgeniy"]
[Result "0-1"]
[BlackElo "2356"]
[WhiteElo "2296"]
[LiveChessVersion "1.4.4"]

1. d4 {[%clk 1:30:57]} Nf6 {[%clk 1:27:42]} 2. c4 {[%clk 1:31:22]} e6
{[%clk 1:28:09]} 3. g3 {[%clk 1:31:48]} d5 {[%clk 1:28:35]} 4. Nf3
{[%clk 1:32:14]} Be7 {[%clk 1:29:00]} 5. Bg2 {[%clk 1:32:39]} O-O
{[%clk 1:29:27]} 6. O-O {[%clk 1:33:05]} Nbd7 {[%clk 1:29:56]} 7. Nc3
{[%clk 1:31:43]} c6 {[%clk 1:30:20]} 8. Qc2 {[%clk 1:27:24]} b6 {[%clk 1:30:13]}
9. e4 {[%clk 1:27:08]} Bb7 {[%clk 1:26:45]} 10. e5 {[%clk 1:25:56]} Ne8
{[%clk 1:26:59]} 11. cxd5 {[%clk 1:26:21]} cxd5 {[%clk 1:27:17]} 12. Rd1
{[%clk 1:25:52]} Nc7 {[%clk 1:20:15]} 13. Bf1 {[%clk 1:18:50]} Ba6
{[%clk 1:20:14]} 14. Bxa6 {[%clk 1:18:38]} Nxa6 {[%clk 1:20:41]} 15. Qa4
{[%clk 1:18:18]} Nc7 {[%clk 1:20:21]} 16. h4 {[%clk 1:16:12]} h6 {[%clk 1:18:33]}
17. Bf4 {[%clk 1:14:58]} b5 {[%clk 1:09:49]} 18. Nxb5 {[%clk 1:05:30]} Nb6
{[%clk 1:10:14]} 19. Qa5 {[%clk 1:05:00]} Nxb5 {[%clk 1:10:38]} 20. Qxb5
{[%clk 1:05:25]} Nc4 {[%clk 1:11:01]} 21. Bc1 {[%clk 1:00:00]} Rb8
{[%clk 1:08:47]} 22. Qa4 {[%clk 0:59:08]} Qc8 {[%clk 1:03:55]} 23. b3
{[%clk 0:54:30]} Rb4 {[%clk 1:03:06]} 24. Qxa7 {[%clk 0:52:54]} Rb7
{[%clk 1:03:11]} 25. Qa6 {[%clk 0:51:57]} Qc7 {[%clk 1:03:30]} 26. bxc4
{[%clk 0:48:05]} Ra7 {[%clk 1:03:56]} 27. Qxa7 {[%clk 0:47:11]} Qxa7
{[%clk 1:04:25]} 28. c5 {[%clk 0:46:36]} Rb8 {[%clk 0:57:18]} 29. a4
{[%clk 0:45:18]} Qa6 {[%clk 0:54:06]} 30. Be3 {[%clk 0:38:35]} Rb3
{[%clk 0:45:47]} 31. Rdc1 {[%clk 0:27:14]} Bd8 {[%clk 0:45:18]} 32. Rcb1
{[%clk 0:27:34]} Qd3 {[%clk 0:43:01]} 33. Rxb3 {[%clk 0:25:13]} Qxb3
{[%clk 0:43:30]} 34. Nd2 {[%clk 0:25:37]} Qc2 {[%clk 0:43:55]} 35. Rb1
{[%clk 0:19:52]} Ba5 {[%clk 0:44:05]} 36. Rb8+ {[%clk 0:20:10]} Kh7
{[%clk 0:44:31]} 37. Nb3 {[%clk 0:20:20]} Be1 {[%clk 0:43:27]} 38. Rb6
{[%clk 0:15:25]} g5 {[%clk 0:38:08]} 39. hxg5 {[%clk 0:07:11]} hxg5
{[%clk 0:38:36]} 40. c6 {[%clk 0:33:49]} g4 {[%clk 1:08:49]} 41. Rb7
{[%clk 0:28:26]} Qxc6 {[%clk 1:08:28]} 42. Rxf7+ {[%clk 0:28:50]} Kg8
{[%clk 1:08:55]} 43. Rf6 {[%clk 0:28:47]} Bb4 {[%clk 1:06:21]} 44. Rg6+
{[%clk 0:18:43]} Kf7 {[%clk 1:05:59]} 45. Rxg4 {[%clk 0:14:52]} Qxa4
{[%clk 1:06:19]} 46. Rf4+ {[%clk 0:14:33]} Ke7 {[%clk 1:06:45]} 47. Nc5
{[%clk 0:14:07]} Bxc5 {[%clk 1:07:13]} 48. dxc5 {[%clk 0:14:32]} Qa1+
{[%clk 1:07:39]} 49. Kg2 {[%clk 0:14:16]} Qxe5 {[%clk 1:08:07]} 50. Ra4
{[%clk 0:10:50]} Qc3 {[%clk 1:07:58]} 51. Bd4 {[%clk 0:10:12]} Qc2
{[%clk 1:08:21]} 52. Ra7+ {[%clk 0:09:58]} Ke8 {[%clk 1:07:11]} 53. Ra8+
{[%clk 0:07:52]} Kd7 {[%clk 1:07:14]} 54. Ra7+ {[%clk 0:05:26]} Kc8
{[%clk 1:07:39]} 55. Bg7 {[%clk 0:01:24]} Qxc5 {[%clk 1:07:46]} 56. Ra1
{[%clk 0:01:06]} Qc2 {[%clk 1:07:51]} 57. Bh6 {[%clk 0:01:17]} Qe4+
{[%clk 1:08:11]} 58. Kg1 {[%clk 0:01:37]} e5 {[%clk 1:07:49]} 59. Rd1
{[%clk 0:01:18]} Kb7 {[%clk 1:06:18]} 60. Bg7 {[%clk 0:00:33]} Kc6
{[%clk 1:06:21]} 61. Rc1+ {[%clk 0:01:00]} Kd7 {[%clk 1:06:07]} 62. Bh6
{[%clk 0:00:31]} Qe2 {[%clk 1:04:52]} 63. Rc5 0-1

[Event "eytcc"]
[Site "?"]
[Date "2017.08.21"]
[Round "5.20"]
[White "Yurovskich, Oleksandr"]
[Black "Zeman, Matyas"]
[Result "0-1"]
[BlackElo "2168"]
[WhiteElo "2231"]
[LiveChessVersion "1.4.4"]

1. d4 {[%clk 1:30:57]} d5 {[%clk 1:30:38]} 2. Bf4 {[%clk 1:31:01]} Nf6
{[%clk 1:30:22]} 3. e3 {[%clk 1:31:27]} c5 {[%clk 1:30:49]} 4. c3
{[%clk 1:31:53]} Nc6 {[%clk 1:31:15]} 5. Nd2 {[%clk 1:32:15]} e6 {[%clk 1:31:06]}
6. Ngf3 {[%clk 1:32:34]} Bd6 {[%clk 1:31:26]} 7. Bg3 {[%clk 1:32:53]} O-O
{[%clk 1:31:42]} 8. Bd3 {[%clk 1:33:13]} Re8 {[%clk 1:31:09]} 9. Ne5
{[%clk 1:33:17]} Bxe5 {[%clk 1:31:32]} 10. dxe5 {[%clk 1:32:41]} Nd7
{[%clk 1:31:58]} 11. Nf3 {[%clk 1:26:12]} Qc7 {[%clk 1:28:32]} 12. O-O
{[%clk 1:25:31]} b6 {[%clk 1:18:42]} 13. e4 {[%clk 1:22:27]} dxe4
{[%clk 1:13:42]} 14. Bxe4 {[%clk 1:22:50]} Bb7 {[%clk 1:12:54]} 15. Qc2
{[%clk 1:16:31]} Nf8 {[%clk 1:12:33]} 16. Nd2 {[%clk 1:14:05]} Na5
{[%clk 1:08:29]} 17. b4 {[%clk 1:10:12]} Bxe4 {[%clk 1:06:05]} 18. Qxe4
{[%clk 1:10:02]} Nb7 {[%clk 1:06:28]} 19. a4 {[%clk 0:49:39]} Red8
{[%clk 0:57:28]} 20. Nc4 {[%clk 0:47:14]} Rac8 {[%clk 0:56:43]} 21. b5
{[%clk 0:46:16]} Qd7 {[%clk 0:49:43]} 22. Bh4 {[%clk 0:43:52]} Qd5
{[%clk 0:47:53]} 23. Qxd5 {[%clk 0:19:39]} Rxd5 {[%clk 0:47:50]} 24. Be7
{[%clk 0:18:31]} Ng6 {[%clk 0:46:46]} 25. Bd6 {[%clk 0:17:49]} Rd3
{[%clk 0:46:19]} 26. Rfc1 {[%clk 0:14:34]} Nf4 {[%clk 0:45:02]} 27. Kf1
{[%clk 0:12:26]} Nd5 {[%clk 0:44:36]} 28. Ra3 {[%clk 0:12:15]} Na5
{[%clk 0:44:25]} 29. Nxa5 {[%clk 0:09:58]} bxa5 {[%clk 0:44:55]} 30. Ra2
{[%clk 0:08:13]} c4 {[%clk 0:20:44]} 31. Rac2 {[%clk 0:08:39]} g5
{[%clk 0:20:56]} 32. Ke1 {[%clk 0:03:46]} Kg7 {[%clk 0:19:45]} 33. Ba3
{[%clk 0:03:28]} Nb6 {[%clk 0:18:43]} 34. Rd2 {[%clk 0:03:20]} Rxd2
{[%clk 0:18:20]} 35. Kxd2 {[%clk 0:03:45]} Nxa4 {[%clk 0:18:27]} 36. Ra1
{[%clk 0:02:50]} Nb6 {[%clk 0:14:01]} 37. Bd6 {[%clk 0:01:55]} a4
{[%clk 0:14:27]} 38. Kc2 {[%clk 0:01:50]} Kg6 {[%clk 0:14:19]} 39. g4
{[%clk 0:00:43]} h5 {[%clk 0:12:06]} 40. h3 {[%clk 0:30:47]} hxg4
{[%clk 0:40:31]} 41. hxg4 {[%clk 0:30:05]} Rd8 {[%clk 0:31:28]} 42. Rd1
{[%clk 0:18:31]} Rd7 {[%clk 0:30:10]} 43. Rd4 {[%clk 0:15:37]} f6
{[%clk 0:24:29]} 44. Kb2 {[%clk 0:14:50]} Rb7 {[%clk 0:18:49]} 45. f4
{[%clk 0:05:45]} gxf4 {[%clk 0:17:53]} 46. Rxf4 {[%clk 0:05:22]} fxe5
{[%clk 0:17:52]} 47. Re4 {[%clk 0:04:28]} Nd5 {[%clk 0:17:30]} 48. Bxe5
{[%clk 0:04:23]} Rxb5+ {[%clk 0:16:38]} 49. Ka3 {[%clk 0:04:42]} Rb3+
{[%clk 0:15:15]} 50. Kxa4 {[%clk 0:05:03]} Rxc3 {[%clk 0:15:17]} 51. Bd4
{[%clk 0:04:50]} Kf7 {[%clk 0:11:04]} 52. Bxa7 {[%clk 0:03:33]} Rc1
{[%clk 0:10:55]} 53. Bd4 {[%clk 0:03:41]} Rb1 {[%clk 0:10:51]} 54. g5
{[%clk 0:01:38]} c3 {[%clk 0:10:06]} 55. Rg4 {[%clk 0:00:47]} c2 {[%clk 0:09:25]}
56. g6+ {[%clk 0:01:14]} Kg8 {[%clk 0:09:53]} 57. Rh4 {[%clk 0:00:33]} Rb4+
{[%clk 0:10:18]} 0-1